000 00410nam a2200157Ia 4500
003 Ost
005 20260225132539.0
008 260225s9999||||xx |||||||||||||| ||und||
040 _cfsic
041 _afre
082 _a70.4
100 _aAndrea samprini
_eAuteur
245 0 _aAnalyser la communication comment analyser les images les médias la publicité /
245 0 _cAndrea samprini
942 _cكتاب
999 _c33412
_d33412